• 首页
  • 本馆介绍
  • 公告通知
  • 最新文献
  • 馆藏检索
  • 电子资源
  • 读者导购
  • 参考咨询
  • 我的图书馆
  • 登录
  • 详细信息显示
  • 放入我的书架
  • 预约/预借图书
  • 作者相关作品
  • 分类相关作品
  • 丛书相关作品
  • 出版社相关作品

书目信息

  • 表格格式
  • 工作单格式
  • 卡片格式
题名:
公有法典
    
 
作者: 德萨米 , Deaamy 著 ;黄建华 , 姜亚洲 译
分册:  
出版信息: 北京   商务印书馆  1982
页数: 327页
开本: 21cm
丛书名:
单 册:
中图分类: D905 , D091
科图分类:
主题词: 公有制-法典 , 法典-公有制 , 政治学--历史 , 政治思想史
电子资源:
ISBN:
000 00951nam0 2200349 45
001 0182008715
005 20040429103404.8
010    @dCNY1.35
091    @a3017.335
100    @a19950701d1982 em y0chiy0121 ea
101 1  @achi@cfre
102    @aCN@b110000
105    @ay z 000yy
106    @ar
200 10 @a公有法典@Agong you fa dian@f(法)泰·德萨米(T. Dezamy)著@g黄建华,姜亚洲译
210    @a北京@c商务印书馆@d1982
215    @a327页@d21cm
300    @a书名原文:Code de la communaute
510 1  @aCode de la communaute@zfre
606    @a公有制-法典
606    @a法典-公有制
606 0  @a政治学@x历史
606 0  @a政治思想史
690    @aD905@v3
690    @aD091
701  1 @a德萨米@Ade sa mi@bT.@4著
701 A1 @aDeaamy@bT.@4著
702  0 @a黄建华@Ahuang jian hua@4译
702  0 @a姜亚洲@Ajiang ya zhou@4译
801  0 @aCN@b上海图书馆@c20040429
801  2 @aCN@bNLC@c20040429
905    @f1@b84529@dD091@e14
    
    公有法典/(法)泰·德萨米(T. Dezamy)著/黄建华,姜亚洲译.-北京:商务印书馆,1982
    327页;21cm
    书名原文:Code de la communaute
    
    ISBN :CNY1.35
    
●
相关链接 在E读中查询图书 在五车中查询图书 在当当中查询图书 在豆瓣中查询图书


正题名:公有法典     索取号:D091/14         预约/预借

序号 登录号 条形码 馆藏地/架位号 状态 备注
1 0084529   001019383   密集书库/ [索取号:D091/14] 在馆    
唐山师范学院图书馆 欢迎您!
大连网信软件有限公司© 版权所有